<?xml version="1.0" encoding="UTF-8"?>
<collection xmlns="http://www.loc.gov/MARC21/slim">
 <record>
  <leader>01636nam a22002177a 4500</leader>
  <controlfield tag="001">NCT_4_024407</controlfield>
  <controlfield tag="008">250702b        xxu||||| |||| 00| 0 vie d</controlfield>
  <datafield tag="999" ind1=" " ind2=" ">
   <subfield code="c">9202</subfield>
   <subfield code="d">9202</subfield>
  </datafield>
  <datafield tag="020" ind1=" " ind2=" ">
   <subfield code="a">9786049943911</subfield>
   <subfield code="c">425000</subfield>
  </datafield>
  <datafield tag="082" ind1="0" ind2="4">
   <subfield code="2">23rd ed.</subfield>
   <subfield code="a">344.597046</subfield>
   <subfield code="b">L504B</subfield>
  </datafield>
  <datafield tag="245" ind1="0" ind2="0">
   <subfield code="a">Luật bảo vệ môi trường :</subfield>
   <subfield code="b">Quy chuẩn kỹ thuật quốc gia, công tác thanh tra, xử phạt vi phạm hành chính về môi trường - Luật Tài nguyên nước</subfield>
   <subfield code="c">Hải Lý (hệ thống)</subfield>
  </datafield>
  <datafield tag="260" ind1=" " ind2=" ">
   <subfield code="a">H. </subfield>
   <subfield code="b">Lao Động</subfield>
   <subfield code="c">2024</subfield>
  </datafield>
  <datafield tag="300" ind1=" " ind2=" ">
   <subfield code="a">383 tr.</subfield>
   <subfield code="c">28 cm</subfield>
  </datafield>
  <datafield tag="520" ind1="3" ind2=" ">
   <subfield code="a">Quyển sách bao gồm nội dung Luật Bảo vệ môi trường và Luật Tài nguyên nước, các thông tư, nghị định, quy chuẩn Việt Nam về kỹ thuật giám sát lĩnh vực môi trường, kỹ thuật quốc gia về chất lượng môi trường xung quanh, xử phạt vi phạm hành chính trong lĩnh vực môi trường</subfield>
  </datafield>
  <datafield tag="653" ind1=" " ind2=" ">
   <subfield code="a">Luật</subfield>
  </datafield>
  <datafield tag="700" ind1="0" ind2=" ">
   <subfield code="a">Hải Lý</subfield>
   <subfield code="e">Hệ thống</subfield>
  </datafield>
  <datafield tag="942" ind1=" " ind2=" ">
   <subfield code="2">ddc</subfield>
   <subfield code="c">BK</subfield>
  </datafield>
  <datafield tag="952" ind1=" " ind2=" ">
   <subfield code="0">0</subfield>
   <subfield code="1">0</subfield>
   <subfield code="2">ddc</subfield>
   <subfield code="4">0</subfield>
   <subfield code="6">344_597046000000000_L504B</subfield>
   <subfield code="7">0</subfield>
   <subfield code="9">31120</subfield>
   <subfield code="a">000001</subfield>
   <subfield code="b">000001</subfield>
   <subfield code="d">2025-07-02</subfield>
   <subfield code="o">344.597046 L504B</subfield>
   <subfield code="p">MD.24135</subfield>
   <subfield code="r">2025-07-02</subfield>
   <subfield code="v">425000.00</subfield>
   <subfield code="w">2025-07-02</subfield>
   <subfield code="y">BK</subfield>
  </datafield>
  <datafield tag="952" ind1=" " ind2=" ">
   <subfield code="0">0</subfield>
   <subfield code="1">0</subfield>
   <subfield code="2">ddc</subfield>
   <subfield code="4">0</subfield>
   <subfield code="6">344_597046000000000_L504B</subfield>
   <subfield code="7">0</subfield>
   <subfield code="9">31121</subfield>
   <subfield code="a">000001</subfield>
   <subfield code="b">000001</subfield>
   <subfield code="d">2025-07-02</subfield>
   <subfield code="o">344.597046 L504B</subfield>
   <subfield code="p">MD.24136</subfield>
   <subfield code="r">2025-07-02</subfield>
   <subfield code="v">425000.00</subfield>
   <subfield code="w">2025-07-02</subfield>
   <subfield code="y">BK</subfield>
  </datafield>
  <datafield tag="952" ind1=" " ind2=" ">
   <subfield code="0">0</subfield>
   <subfield code="1">0</subfield>
   <subfield code="2">ddc</subfield>
   <subfield code="4">0</subfield>
   <subfield code="6">344_597046000000000_L504B</subfield>
   <subfield code="7">0</subfield>
   <subfield code="9">31122</subfield>
   <subfield code="a">000001</subfield>
   <subfield code="b">000001</subfield>
   <subfield code="d">2025-07-02</subfield>
   <subfield code="o">344.597046 L504B</subfield>
   <subfield code="p">MD.24137</subfield>
   <subfield code="r">2025-07-02</subfield>
   <subfield code="v">425000.00</subfield>
   <subfield code="w">2025-07-02</subfield>
   <subfield code="y">BK</subfield>
  </datafield>
  <datafield tag="980" ind1=" " ind2=" ">
   <subfield code="a">Thư viện Trường Đại học Nam Cần Thơ</subfield>
  </datafield>
 </record>
</collection>
